| Tag |
First Indicator |
Second Indicator |
Subfields |
| LEADER |
00000cam a2200000Ii 4500 |
| 001 |
in00000025319 |
| 005 |
20151007061150.0 |
| 008 |
800627s1903 enkaf j 000 1 eng d |
| 035 |
|
|
|a (OCoLC)ocm04814665
|
| 035 |
|
|
|9 AAD1297AM
|
| 040 |
|
|
|a SCL
|c SCL
|d OCL
|d OCLCQ
|d TXA
|d UtOrBLW
|
| 049 |
|
|
|a TXAM
|
| 090 |
|
|
|a PR5219.R26
|b R5 1903
|
| 100 |
1 |
|
|a Reid, Mayne,
|d 1818-1883.
|
| 245 |
1 |
4 |
|a The rifle rangers :
|b or, Adventures in South Mexico /
|c by Captain Mayne Reid; illustrated by J.B. Greene.
|
| 264 |
|
1 |
|a London :
|b Collins' Clear-Type Press,
|c [1903?]
|
| 300 |
|
|
|a 296 pages, 8 leaves of plates :
|b color illustrations ;
|c 19 cm.
|
| 336 |
|
|
|a text
|b txt
|2 rdacontent
|
| 337 |
|
|
|a unmediated
|b n
|2 rdamedia
|
| 338 |
|
|
|a volume
|b nc
|2 rdacarrier
|
| 650 |
|
0 |
|a Mexican War, 1846-1848
|v Fiction.
|
| 994 |
|
|
|a E0
|b TXA
|
| 949 |
|
|
|a updated
|b h
|c 2003/9/12
|e rrojas
|f 1:04:34 pm
|
| 999 |
|
|
|a MARS
|
| 999 |
f |
f |
|s 5b099807-34e0-3747-a23a-47cd3dac23ff
|i 50a2d0f3-eb40-3ca3-acec-196193f2a0c7
|t 0
|
| 952 |
f |
f |
|p normal
|a Texas A&M University
|b College Station
|c Sterling C. Evans Library
|d Evans: Library Stacks
|t 0
|e PR5219.R26 R5 1903
|h Library of Congress classification
|i unmediated -- volume
|m A14801248624
|
| 998 |
f |
f |
|a PR5219.R26 R5 1903
|t 0
|l Evans: Library Stacks
|